000 01226cam a22003255i 4500
999 _c28810
_d28781
001 4453058
003 EG-ScBUE
005 20200923144227.0
008 950807t19961996nyuab f bf 001 0 eng d
020 _a0070166447 (acid-free paper)
020 _a9780070166448
040 _aDLC
_beng
_erda
_cDLC
_dDLC
_dEG-ScBUE
082 0 4 _a690
_bLAN
_222
245 0 0 _aLand development handbook :
_bplanning, engineering, and surveying /
_cDewberry & Davis ; editor-in-chief, Sidney O. Dewberry ; coordinating editor, John S. Matusik.
264 1 _aNew York :
_bMcGraw-Hill,
_c[1996]
264 4 _cc1996
300 _axxvi, 1014 pages :
_billustrations, maps ;
_c29 cm
336 _atext
_btxt
_2rdacontent
337 _aunmediated
_bn
_2rdamedia
338 _avolume
_bnc
_2rdacarrier
504 _aIncludes bibliographical references and index.
650 7 _aSurveying
_xHandbooks, manuals, etc.
_2BUEsh
650 7 _aReal estate development
_xPlanning
_xHandbooks, manuals, etc.
_2BUEsh
650 7 _aEngineering geology
_xHandbooks, manuals, etc.
_2BUEsh
653 _bENGGEN
_cSeptember2020
700 1 _aDewberry, Sidney O.,
_eeditor.
700 1 _aMatusik, John S.,
_eeditor.
710 2 _aDewberry and Davis.
942 _2ddc
_cBB